000 00816nam a2200253Ia 4500
003 OSt
005 20220927105426.0
006 a|||||r|||| 00| 0
007 ta
008 220926b |||||||| |||| 00| 0 eng d
024 _a187575
037 _cReference Collections
040 _aRTL
_cRTL
_beng
041 _2eng
_aeng
082 _a"X:576.8.N52, J2"
110 _a"AUSTRALIA, COMMONWEALTH BUREAU OF CENSUS AND STATISTICS"
_9372357
245 0 _aAustralian balance of payments 1928-29 to 1951-52
260 _aCanberra
_bAustralia Govt.
_c1952
300 _a111p
_ccm.
500 _aAppendix: Chapterwise
700 _a"AUSTRALIA, COMMONWEALTH BUREAU OF CENSUS AND STATISTICS"
_9372358
942 _h"X:576.8.N52, J2"
_cCC
999 _c692446
_d692446